000 01054cam a22003131 4500
001 986
005 20230908141640.0
020 _a0307021343
040 _aDLC
_cDLC
_dDLC
_beng
050 0 0 _aPZ7.L967
_bPo
082 0 0 _aFic
100 1 _aLowrey, Janette Sebring,
_d1892-1986.
245 1 4 _aThe poky little puppy,
_cby Janette Sebring Lowrey, illustrated by Gustaf Tenggren.
260 _aNew York,
_bWestern Publishing Company, Inc.,
_c1942.
300 _bcolor illustrations ;
_c21 cm
_a23 unnumbered pages ;
490 0 _aThe Little golden book
505 _aK
520 _aA puppy who is always late coming home one night finds there is no dessert for him.
521 _a520
_bLexile
521 _aK
_bRaz-Plus
650 0 _aDogs
_vJuvenile fiction.
650 1 _aDogs
_vFiction.
650 1 _aAnimals
_xInfancy
_vFiction.
650 1 _aTardiness
_vFiction.
650 1 _aBehavior
_vFiction.
700 1 _aTenggren, Gustaf,
_d1896-1970,
_eillustrator.
906 _a7
_bcbc
_corignew
_d1
_eocip
_f19
_gy-gencatlg
942 _2ddc
_cBK
_n0
999 _c986
_d986